000 00475nam a2200181Ia 4500
001 19395
005 20260306172650.0
008 260306t2011||||xx |||||||||||||| ||spa||
041 _aESP
082 _a659.1
_bJ21
100 _aJantsch, John
_eAUT
245 0 _aActiva el boca-oreja:
_bhaz que tus productos o servicios se promuevan por sí mismos
260 _c2011
300 _a349 páginas :
_c21 cm.
650 _aGEN
654 _aCAN
942 _cLIB
_dJUS
_fJUS
_2ddc
_n
999 _c19395
_d19395